LIBRARY & INFORMATION CENTRE, KCAET, TAVANUR

ONLINE PUBLIC ACCESS CATALOGUE (OPAC)

Indiayude Piravi / (Record no. 4792)

MARC details
000 -LEADER
fixed length control field 00286cam a2200109ua 4500
082 ## - DEWEY DECIMAL CLASSIFICATION NUMBER
Classification number 954
Item number BAL/IN
100 ## - MAIN ENTRY--AUTHOR NAME
Personal name Balaram, N E .
245 ## - TITLE STATEMENT
Title Indiayude Piravi /
260 ## - PUBLICATION, DISTRIBUTION, ETC. (IMPRINT)
Place of publication Kottayam :
Name of publisher Prabhatham Printing and Publishing Co. Pvt. Ltd. ,
Year of publication 1960.
300 ## - PHYSICAL DESCRIPTION
Number of Pages 198 ; .
942 ## - ADDED ENTRY ELEMENTS (KOHA)
Koha item type Books
Holdings
Withdrawn status Lost status Damaged status Home library Current library Date acquired Full call number Accession Number Koha item type
Withdrawn     KAUAET Malayalam University 07/04/2012 954 11235 Books
free website counter